<?xml version="1.0" encoding="UTF-8"?>
<marc:record xmlns:marc="http://www.loc.gov/MARC21/slim">
   <marc:leader>00000nam a2200000 a 4500</marc:leader>
   <marc:datafield ind1="1" ind2=" " tag="100">
      <marc:subfield code="a">Lukas, Jana</marc:subfield>
      <marc:subfield code="4">aut</marc:subfield>
      <marc:subfield code="e">Verfasser/-in</marc:subfield>
   </marc:datafield>
   <marc:datafield ind1="0" ind2="0" tag="245">
      <marc:subfield code="a">Das Glück wartet auf dich</marc:subfield>
   </marc:datafield>
   <marc:datafield ind1="0" ind2="0" tag="245">
      <marc:subfield code="c">Jana Lukas</marc:subfield>
   </marc:datafield>
   <marc:datafield ind1=" " ind2="1" tag="264">
      <marc:subfield code="a">München</marc:subfield>
      <marc:subfield code="b">Heyne&lt;</marc:subfield>
      <marc:subfield code="c">2020</marc:subfield>
   </marc:datafield>
   <marc:datafield ind1="1" ind2=" " tag="490">
      <marc:subfield code="a">¬Die¬ Mühlenschwestern</marc:subfield>
      <marc:subfield code="v">3</marc:subfield>
   </marc:datafield>
   <marc:datafield ind1="1" ind2=" " tag="520">
      <marc:subfield code="a">Antonia, die älteste der drei Mühlenschwestern, ist der Wirbelwind der Familie. Nachdem vor vielen Jahren ihre erste Beziehung traumatisch endete, lässt sie sich nur noch auf oberflächliche Affären ein. Dafür geht sie ganz in ihrem Beruf als Hebamme auf &#x96; und neuerdings in der Aufgabe als Treuzeugin für ihre beste Freundin Anna, die in der Mühle am Sternsee eine große Hochzeit plant. Doch als Antonia erkennt, dass ausgerechnet Xander, arroganter Sohn eines skrupellosen Hoteliers, den Trauzeugen gibt, möchte sie am liebsten davonrennen. Wenn Xander nur nicht so entsetzlich attraktiv wäre</marc:subfield>
   </marc:datafield>
   <marc:datafield ind1=" " ind2=" " tag="020">
      <marc:subfield code="a">9783453424272</marc:subfield>
      <marc:subfield code="9">9783453424272</marc:subfield>
   </marc:datafield>
   <marc:datafield ind1=" " ind2=" " tag="020">
      <marc:subfield code="a">3453424271</marc:subfield>
      <marc:subfield code="9">3453424271</marc:subfield>
   </marc:datafield>
   <marc:datafield ind1=" " ind2=" " tag="300">
      <marc:subfield code="a">509 S.</marc:subfield>
   </marc:datafield>
</marc:record>
